[Event "Passau op 6th"]
[Site "Passau"]
[Date "1998.04.12"]
[Round "6"]
[White "Fuchs, Christian"]
[Black "Westhoven, Joerg"]
[Result "1-0"]
[WhiteElo "1915"]
[BlackElo "1500"]
[PlyCount "25"]
[EventDate "1998.04.10"]
[EventType "swiss"]
[EventRounds "7"]
[EventCountry "GER"]
[SourceTitle "EXT 1999"]
[Source "ChessBase"]
[SourceDate "1998.11.16"]
[SourceVersion "1"]
[SourceVersionDate "1998.11.16"]
[SourceQuality "1"]

1. c4 f5 2. d4 g6 3. Nc3 Bg7 4. Nf3 Nf6 5. Bf4 d6 6. e3 0-0 7. Qb3 e6 8. Rd1 Nbd7 9. Be2 c5 10. Bxd6 Re8 11. dxc5 Qa5 12. Qb5 Qd8 13. c6 1-0

[Event "Passau op 6th"]
[Site "Passau"]
[Date "1998.04.10"]
[Round "1"]
[White "Westhoven, Joerg"]
[Black "Oparaugo, Thomas"]
[Result "1-0"]
[WhiteElo "1500"]
[BlackElo "2040"]
[PlyCount "41"]
[EventDate "1998.04.10"]
[EventType "swiss"]
[EventRounds "7"]
[EventCountry "GER"]
[SourceTitle "EXT 1999"]
[Source "ChessBase"]
[SourceDate "1998.11.16"]
[SourceVersion "1"]
[SourceVersionDate "1998.11.16"]
[SourceQuality "1"]

1. d4 e5 2. dxe5 Nc6 3. Nf3 Qe7 4. Bf4 Qb4+ 5. Bd2 Qxb2 6. Bc3 Bb4 7. Qd2 Bxc3 8. Nxc3 Qxa1+ 9. Nd1 Nge7 10. e3 Ng6 11. Qd5 Ngxe5 12. Bd3 Qxd1+ 13. Kxd1 Nxd3 14. cxd3 0-0 15. Kd2 d6 16. a3 Be6 17. Qb5 Rfb8 18. Rc1 a6 19. Qb1 h6 20. h3 Ra7 21. Rxc6 1-0